| 000 | 00720nam a2200205 i 4500 | ||
|---|---|---|---|
| 001 | 66127 | ||
| 003 | ES-MaACL | ||
| 005 | 20230906165541.0 | ||
| 007 | t| | ||
| 008 | 040127s1969 sp ||||1| spa d | ||
| 100 | 1 |
_aGacto Fernández, Enrique. _953179 |
|
| 245 | 1 | 3 |
_aLa filiación no legítima en el derecho histórico español / _cpor Enrique Gacto Fernández ; prólogo de José Martínez Gijón. |
| 260 |
_aSevilla : _bUniversidad de Sevilla, _c1969. |
||
| 300 |
_aXI, 201 p. ; _c23 cm. |
||
| 490 | 1 |
_aAnales Universidad Hispalense ; _v5 |
|
| 700 | 1 |
_aMartínez Gijón, José. _978117 |
|
| 830 | 0 |
_aAnales Universidad Hispalense ; _v5 _9183841 |
|
| 852 |
_aES-MaACL _jC-38094 _bR.73641 |
||
| 999 |
_c66127 _d66127 |
||